000 00858nam a2200229 a 4500
003 CBULib
005 20250226100430.0
008 220628s2022 ||||||||||||||||| || u
020 _a9789211172812
040 _aCBULib
_bEnglish
_cCBULib
_dCBULib
_erda
050 _aUNECE(02)2022/4
110 _aUnited Nations Economic Commission for Europe (UNECE)
245 1 0 _aConference of European statisticians framework on waste statistics.
_c/by United Nations Economic Commission for Europe(UNECE)
260 _aGeneva
_bUNITED NATIONS
_c2022
300 _aix, 64 pages : illustrations
336 _aText |
_2rdacontent
_btxt
337 _aUnmediated |
_2rdamedia
_bn
338 _aVolume
_2rdacarrier
_bnc
650 0 _aREFUSE AND REFUSE DISPOSAL--STATISTICS--METHODOLOGY
_94440
942 _2mc
_c029
999 _c38405
_d38405